000 00726nam a2200217 a 4500
001 BRCA_2860
005 20190320204014.0
008 101208s1869----nyu#---###---#000-0#eng-u
050 4 _aF1226
_b.A22 1869
100 1 _aAbbot, Gorham Dummer
_d1807-1874
_97992
245 1 0 _aMéxico and the United States
_btheir mutual relations and common interests
_cby Gorham D. Abbot.
260 _aNew York
_bPutnam
_c1869
300 _a391 p.
_c24 cm.
500 _aB13
651 4 _aMéxico
_xHistoria
_9614
651 4 _aMéxico
_xHistoria eclesiastica
_9824
651 4 _aMéxico
_xRelaciones (generales) con Estados Unidos
_97993
651 4 _aEstados Unidos
_xRelaciones (generales) con México
_97994
902 _aGFM
942 _2lcc
_cB
999 _c2599
_d2599